[Event "FRA-ch Youth 2017"]
[Site "Belfort"]
[Date "2017.04.22"]
[Round "8"]
[White "Mohammad, Fahim"]
[Black "Bressy, Theo"]
[Result "0-1"]
[WhiteElo "2281"]
[BlackElo "2039"]
[Annotator "NA"]
[PlyCount "128"]
[EventDate "2017.??.??"]
[EventCountry "FRA"]
[SourceTitle "playchess.com"]
[Source "ChessBase"]
[SourceQuality "1"]
[TimeControl "5400+30"]

1. Nf3 {[%emt 0:06:43]} g6 {[%emt 0:00:04]} 2. g3 {[%emt 0:00:06]} Bg7 {[%emt 0:00:03]} 3. Bg2 {[%emt 0:00:04]} e5 {[%emt 0:00:03]} 4. d3 {[%emt 0:01:04]} Ne7 {[%emt 0:00:13]} 5. O-O {[%emt 0:00:12]} O-O {[%emt 0:00:03]} 6. c4 {[%emt 0:02:59]} d6 {[%emt 0:00:29]} 7. Nc3 {[%emt 0:00:52]} f5 {[%emt 0:00:12]} 8. Qc2 {[%emt 0:07:23] A21: English Opening: 1...e5 2 Nc3} Nd7 {[%emt 0:00:32]} (8... Na6 9. a3 c6 10. Rb1 Nc7 11. b4 h6 12. b5 g5 13. bxc6 bxc6 14. a4 Ne6 15. Ba3 a6 {0-1 (37) Corvi,M (2305)-Neverov,V (2507) Ortisei 2016}) 9. Rb1 {[%emt 0:00:18]} Nf6 {[%emt 0:00:03]} 10. b4 {[%emt 0:01:13]} h6 {[%emt 0:03:32]} 11. Bb2 {[%emt 0:12:13]} g5 {[%emt 0:02:09]} 12. c5 {[%emt 0:00:28]} Ng6 {[%emt 0:01:11]} 13. cxd6 {[%emt 0:01:08]} cxd6 {[%emt 0:00:18]} 14. Qb3+ $146 {[%emt 0:07:53]} (14. Nd2 Be6 15. Bxb7 {½-½ (53) Dornieden,M (2270)-Beszterczey,L (2115) Grieskirchen 1998}) 14... Kh8 {[%emt 0:03:23]} 15. Nd2 {[%emt 0:02:20]} Rb8 {[%emt 0:01:15]} 16. Rbc1 {[%emt 0:03:14]} b5 {[%emt 0:14:12]} 17. a4 {[%emt 0:02:48]} a6 {[%emt 0:04:30]} 18. axb5 {[%emt 0:01:09]} axb5 {[%emt 0:00:01]} 19. Qa2 {[%emt 0:01:13]} Bb7 {[%emt 0:02:37]} 20. e4 {[%emt 0:12:10]} Qd7 {[%emt 0:09:11]} 21. exf5 {[%emt 0:08:48]} Bxg2 {[%emt 0:00:29]} 22. Kxg2 {[%emt 0:00:16]} Qxf5 {[%emt 0:00:10]} 23. Nce4 $1 {[%emt 0:00:17]} Qd7 {[%emt 0:05:48]} 24. Qa6 {[%emt 0:05:32]} d5 {[%emt 0:04:10]} 25. Nc5 {[%emt 0:05:45]} Qg4 {[%emt 0:02:33]} 26. f3 {[%emt 0:00:42]} Qxb4 {[%emt 0:04:38]} 27. Ndb3 {[%emt 0:01:33]} Ra8 {[%emt 0:01:59]} 28. Qb7 {[%emt 0:00:22]} Ra2 {[%emt 0:08:42]} 29. Rf2 {[%emt 0:01:36]} g4 {[%emt 0:13:50]} 30. f4 {[%emt 0:11:01]} Rxb2 $2 {[%emt 0:08:07]} ({Much worse is} 30... exf4 31. Ne6 Ne7 32. gxf4 $11 (32. Nxf8 Qxb3 33. Ng6+ Kh7 34. Qxe7 Rxb2 35. Nxf4 Ne4 $16)) (30... Nh5 $1 $15 {keeps the upper hand.}) 31. Rxb2 {[%emt 0:00:05]} exf4 {[%emt 0:00:04] [#]} 32. Ne6 $2 {[%emt 0:00:43]} (32. Ra2 $1 $18) 32... f3+ {[%emt 0:00:12]} 33. Kf1 {[%emt 0:00:55]} Rg8 {[%emt 0:00:36]} 34. Rc8 {[%emt 0:00:56]} ({Better is} 34. Nxg7 $16 Qa3 35. Rd2 Rxg7 36. Qxb5) 34... Ne7 $1 {[%emt 0:05:14]} 35. Rxg8+ {[%emt 0:00:47]} Kxg8 {[%emt 0:01:17]} 36. Qb8+ {[%emt 0:00:39]} Kf7 $11 {[%emt 0:01:04]} 37. Qe5 {[%emt 0:00:41]} Ng6 {[%emt 0:03:22]} 38. Qc7+ {[%emt 0:01:11]} Ne7 {[%emt 0:01:21]} 39. Nxg7 {[%emt 0:00:36]} Kxg7 {[%emt 0:00:02]} 40. Qc5 {[%emt 0:00:33]} Qxc5 {[%emt 0:00:00]} 41. Nxc5 {[%emt 0:00:07]} Kg6 {[%emt 0:01:21]} 42. Rxb5 {[%emt 0:00:09]} Kf5 {[%emt 0:00:15]} 43. Rb6 {[%emt 0:00:57]} Ng6 {[%emt 0:00:44]} 44. Kf2 {[%emt 0:00:29]} Ne5 {[%emt 0:00:50]} 45. Ke3 {[%emt 0:00:32]} h5 {[%emt 0:00:23]} 46. Rd6 {[%emt 0:00:42]} Nf7 {[%emt 0:00:32]} 47. Ra6 {[%emt 0:00:07]} Ke5 {[%emt 0:00:54]} 48. Ne6 {[%emt 0:00:33]} d4+ {[%emt 0:00:27]} 49. Kf2 {[%emt 0:00:17]} Nd5 {[%emt 0:00:19]} 50. Nc5 {[%emt 0:00:44]} Nb4 {[%emt 0:01:01]} 51. Rb6 {[%emt 0:00:39]} Kd5 {[%emt 0:00:22]} 52. Rxb4 {[%emt 0:01:36]} Kxc5 {[%emt 0:00:01]} 53. Rc4+ {[%emt 0:00:10]} Kd5 {[%emt 0:00:07]} 54. Ra4 {[%emt 0:00:06]} Ne5 {[%emt 0:00:03]} 55. Ra5+ {[%emt 0:00:07]} Kd6 {[%emt 0:00:04]} 56. Ra6+ {[%emt 0:00:12]} Kd5 {[%emt 0:00:11]} 57. Ra5+ {[%emt 0:00:40]} Kd6 {[%emt 0:00:04]} 58. Ke1 {[%emt 0:01:42]} Nxd3+ {[%emt 0:00:08]} 59. Kd2 {[%emt 0:00:04]} Nc5 {[%emt 0:00:15]} 60. Ra8 {[%emt 0:00:17]} Kd5 {[%emt 0:01:47]} 61. Rh8 {[%emt 0:00:16]} Kc4 {[%emt 0:00:08]} 62. Rxh5 {[%emt 0:00:21]} Ne4+ {[%emt 0:00:31]} 63. Kc2 {[%emt 0:01:12]} d3+ {[%emt 0:00:47]} 64. Kd1 {[%emt 0:00:14]} Kd4 {[%emt 0:00:35]} 0-1

[Event "FRA-ch Youth 2017"]
[Site "Belfort"]
[Date "2017.04.22"]
[Round "8"]
[White "Tahay, Alexis"]
[Black "Daeschler, Florian"]
[Result "1-0"]
[WhiteElo "2239"]
[BlackElo "2124"]
[Annotator "NA"]
[PlyCount "65"]
[EventDate "2017.??.??"]
[EventCountry "FRA"]
[SourceTitle "playchess.com"]
[Source "ChessBase"]
[SourceQuality "1"]
[TimeControl "5400+30"]

1. e4 {[%emt 0:03:58]} e5 {[%emt 0:00:05]} 2. Nf3 {[%emt 0:00:03]} Nc6 {[%emt 0:00:04]} 3. Bb5 {[%emt 0:00:03]} a6 {[%emt 0:00:05]} 4. Ba4 {[%emt 0:00:02]} Nf6 {[%emt 0:00:03]} 5. O-O {[%emt 0:00:03]} Be7 {[%emt 0:00:04]} 6. Qe2 {[%emt 0:00:59]} b5 {[%emt 0:00:08]} 7. Bb3 {[%emt 0:00:03]} O-O {[%emt 0:00:51]} 8. c3 {[%emt 0:00:13]} d5 {[%emt 0:12:34]} 9. d3 {[%emt 0:00:03]} dxe4 {[%emt 0:05:10] LiveBook: 9 Games C86: Closed Ruy Lopez: Worrall Attack} (9... Bb7 10. Nbd2 Re8 11. Rd1 Bf8 12. Nf1 Na5 13. Bc2 c5 14. Bg5 Qb6 15. Ne3 d4 16. Nf5 h6 17. Bd2 dxc3 18. bxc3 c4 19. Be3 cxd3 20. Bxd3 Qc6 21. Nd2 Qxc3 22. Rdc1 Qa3 23. Nb1 Qa4 24. Nc3 Qa3 25. Nb1 Qa4 {½-½ (25) Smirin,I (2650)-Stefansson,H (2573) Jerusalem 2015}) 10. dxe4 {[%emt 0:00:02]} Qe8 {[%emt 0:00:12]} 11. Bg5 $146 {[%emt 0:03:03]} (11. Re1 Bg4 12. Nbd2 Bc5 13. Nf1 Nh5 14. h3 Be6 15. Ng5 g6 16. Nxe6 fxe6 17. Be3 {½-½ (32) Wilson,B (2074)-Hassan,A (2167) Baku 2016}) 11... Nd7 {[%emt 0:08:35]} 12. Nbd2 {[%emt 0:08:18]} Nd8 {[%emt 0:06:08]} 13. Rfd1 {[%emt 0:07:16]} Bxg5 {[%emt 0:10:22]} 14. Nxg5 {[%emt 0:00:01]} Qe7 {[%emt 0:00:17]} 15. Ngf3 {[%emt 0:06:59]} Rb8 {[%emt 0:05:48]} 16. Nf1 {[%emt 0:00:47]} Nc5 {[%emt 0:01:04]} 17. Qe3 {[%emt 0:06:19]} Rb6 {[%emt 0:05:14]} 18. Ng3 {[%emt 0:05:24]} Rf6 {[%emt 0:12:34]} (18... g6 $11 {remains equal.}) 19. Qg5 {[%emt 0:07:21]} ({White should play} 19. Nh4 $16) 19... Nxb3 {[%emt 0:05:37]} 20. Nh5 {[%emt 0:09:02]} Ne6 {[%emt 0:00:19]} 21. Nxf6+ {[%emt 0:00:03]} Kh8 {[%emt 0:00:12]} 22. Qh4 {[%emt 0:00:11]} gxf6 {[%emt 0:00:51]} 23. axb3 {[%emt 0:00:05]} Nf4 {[%emt 0:01:12]} 24. Ne1 {[%emt 0:06:27]} Rg8 {[%emt 0:01:19] [#]} 25. f3 $1 {[%emt 0:01:12]} Rg6 {[%emt 0:07:41]} 26. Rd2 {[%emt 0:02:23]} Nh3+ {[%emt 0:06:17]} 27. Kh1 {[%emt 0:03:43]} Qc5 {[%emt 0:00:09]} 28. Nd3 {[%emt 0:03:53]} Qe3 {[%emt 0:03:27]} 29. Qe1 {[%emt 0:00:13]} Qg5 {[%emt 0:05:40]} (29... Qxe1+ $142 30. Rxe1 Nf4 31. Nxf4 exf4) 30. gxh3 {[%emt 0:00:27]} Bxh3 {[%emt 0:00:13]} 31. Qf2 {[%emt 0:00:17]} Qh5 {[%emt 0:01:41]} 32. Rg1 {[%emt 0:00:37]} Rxg1+ $18 {[%emt 0:00:38]} 33. Kxg1 {[%emt 0:00:02]} 1-0

[Event "FRA-ch Youth 2017"]
[Site "Belfort"]
[Date "2017.04.22"]
[Round "8"]
[White "Viel, Simon"]
[Black "Coiffait, Pierre-Basile"]
[Result "0-1"]
[WhiteElo "2220"]
[BlackElo "2193"]
[Annotator "NA"]
[PlyCount "144"]
[EventDate "2017.??.??"]
[EventCountry "FRA"]
[SourceTitle "playchess.com"]
[Source "ChessBase"]
[SourceQuality "1"]
[TimeControl "5400+30"]

1. e4 {[%emt 0:00:00]} c6 {[%emt 0:00:07]} 2. Nc3 {[%emt 0:00:00]} d5 {[%emt 0:00:11]} 3. Nf3 {[%emt 0:00:00]} Bg4 {[%emt 0:00:30]} 4. h3 {[%emt 0:00:00]} Bxf3 {[%emt 0:00:04]} 5. Qxf3 {[%emt 0:00:00]} e6 {[%emt 0:00:03]} 6. g3 {[%emt 0:00:02]} Nf6 {[%emt 0:03:15]} 7. Bg2 {[%emt 0:00:04]} Nbd7 {[%emt 0:06:55]} 8. d4 {[%emt 0:00:09] B11: Caro-Kann: Two Knights Variation} Nb6 $146 {[%emt 0:00:36]} (8... dxe4 9. Nxe4 Nxe4 10. Qxe4 Nf6 11. Qd3 Be7 12. O-O O-O 13. Re1 Qb6 14. c3 Rfd8 15. Qe2 a5 {½-½ (47) Neiksans,A (2620)-Chigaev,M (2550) Liepaja 2016}) 9. O-O {[%emt 0:04:58]} Be7 {[%emt 0:13:07]} 10. Bg5 {[%emt 0:08:56]} O-O {[%emt 0:05:18]} 11. Rad1 {[%emt 0:07:42]} Rc8 {[%emt 0:02:28]} 12. Qd3 {[%emt 0:08:11]} Nc4 {[%emt 0:12:02]} 13. Rb1 {[%emt 0:07:21]} h6 {[%emt 0:09:28]} 14. Bxf6 {[%emt 0:05:05]} Bxf6 {[%emt 0:00:40]} 15. f4 {[%emt 0:03:38]} b5 {[%emt 0:05:04]} 16. e5 {[%emt 0:02:46]} Be7 {[%emt 0:00:15]} 17. b3 {[%emt 0:05:48]} Na3 {[%emt 0:03:56]} 18. Rbd1 {[%emt 0:00:18]} c5 {[%emt 0:01:03]} 19. Ne2 {[%emt 0:04:16]} c4 {[%emt 0:05:35]} 20. Qf3 {[%emt 0:08:57]} Nxc2 {[%emt 0:09:39]} 21. f5 {[%emt 0:00:23]} exf5 {[%emt 0:04:34]} 22. Nf4 {[%emt 0:04:20]} Nb4 {[%emt 0:01:29]} 23. a3 {[%emt 0:06:00]} Nd3 {[%emt 0:00:48]} 24. Nxd5 {[%emt 0:04:17]} Bxa3 {[%emt 0:01:19]} 25. Qxf5 {[%emt 0:02:20]} Qg5 {[%emt 0:01:41]} 26. Qxg5 {[%emt 0:01:46]} hxg5 {[%emt 0:00:01]} 27. bxc4 {[%emt 0:00:02]} bxc4 {[%emt 0:00:40]} 28. Ra1 {[%emt 0:00:25]} Bb2 {[%emt 0:00:26]} 29. Ne7+ {[%emt 0:03:55]} Kh8 {[%emt 0:00:05]} 30. Ra4 {[%emt 0:01:37]} Bxd4+ {[%emt 0:00:57]} 31. Kh2 {[%emt 0:00:20]} Rce8 {[%emt 0:05:06]} 32. Nc6 {[%emt 0:00:59]} Bb6 {[%emt 0:04:15]} 33. Rxc4 {[%emt 0:02:01]} Nxe5 {[%emt 0:00:32]} 34. Re4 {[%emt 0:02:12]} Nxc6 {[%emt 0:00:53]} 35. Rxe8 {[%emt 0:00:01]} Rxe8 {[%emt 0:00:07]} 36. Bxc6 {[%emt 0:00:06]} Re2+ {[%emt 0:01:42]} 37. Bg2 {[%emt 0:00:31]} Kg8 {[%emt 0:01:03]} 38. Rc1 {[%emt 0:01:15]} g6 {[%emt 0:00:25]} 39. Rc4 {[%emt 0:00:27]} Kg7 {[%emt 0:00:27]} 40. h4 {[%emt 0:00:37]} gxh4 {[%emt 0:00:27]} 41. Rxh4 {[%emt 0:00:02]} a5 {[%emt 0:01:43]} 42. Kh3 {[%emt 0:02:43]} Bc5 {[%emt 0:00:29]} 43. Rc4 {[%emt 0:00:32]} Bb4 $19 {[%emt 0:00:13]} 44. Bd5 {[%emt 0:01:00]} Rd2 {[%emt 0:00:22]} 45. Bc6 {[%emt 0:00:41]} Rd3 {[%emt 0:00:31]} 46. Rf4 {[%emt 0:03:13]} Bd6 {[%emt 0:00:58]} 47. Rf3 {[%emt 0:00:09]} Rxf3 {[%emt 0:00:19]} 48. Bxf3 {[%emt 0:00:02]} f5 {[%emt 0:00:12]} 49. Bd1 {[%emt 0:00:13]} Kf6 {[%emt 0:00:04]} 50. Kg2 {[%emt 0:01:45]} g5 {[%emt 0:00:07]} 51. Kf3 {[%emt 0:01:02]} Ke5 {[%emt 0:00:06]} 52. Bc2 {[%emt 0:00:39]} f4 {[%emt 0:00:37]} 53. gxf4+ {[%emt 0:00:59]} gxf4 {[%emt 0:00:06]} 54. Ba4 {[%emt 0:00:08]} Kd4 {[%emt 0:00:31]} 55. Ke2 {[%emt 0:00:45]} Kc3 {[%emt 0:00:14]} 56. Bc6 {[%emt 0:00:24]} Kb4 {[%emt 0:00:12]} 57. Kd3 {[%emt 0:00:05]} Bc5 {[%emt 0:02:36]} 58. Ke4 {[%emt 0:00:55]} Be3 {[%emt 0:00:17]} 59. Kd3 {[%emt 0:00:04]} a4 {[%emt 0:01:06]} 60. Bd5 {[%emt 0:00:11]} a3 {[%emt 0:01:02]} 61. Bf7 {[%emt 0:00:10]} Kc5 {[%emt 0:00:27]} 62. Be6 {[%emt 0:01:49]} Kb4 {[%emt 0:00:53]} 63. Bd5 {[%emt 0:00:21]} Bf2 {[%emt 0:00:34]} 64. Bf7 {[%emt 0:01:08]} Bg3 {[%emt 0:00:05]} 65. Kc2 {[%emt 0:00:56]} f3 {[%emt 0:00:23]} 66. Bh5 {[%emt 0:00:15]} f2 {[%emt 0:00:03]} 67. Be2 {[%emt 0:00:04]} Be5 {[%emt 0:00:04]} 68. Kb1 {[%emt 0:00:05]} Kb3 {[%emt 0:00:20]} 69. Bd1+ {[%emt 0:00:04]} Kc3 {[%emt 0:00:03]} 70. Be2 {[%emt 0:00:03]} Kd2 {[%emt 0:00:05]} 71. Ba6 {[%emt 0:00:02]} Ke1 {[%emt 0:00:17]} 72. Ka2 {[%emt 0:00:03]} Bd6 {[%emt 0:00:07]} 0-1

[Event "FRA-ch Youth 2017"]
[Site "Belfort"]
[Date "2017.04.22"]
[Round "8"]
[White "Dudognon, Thibault"]
[Black "Le Gouic, Brendan"]
[Result "1-0"]
[WhiteElo "2218"]
[BlackElo "1736"]
[Annotator "NA"]
[PlyCount "67"]
[EventDate "2017.??.??"]
[EventCountry "FRA"]
[SourceTitle "playchess.com"]
[Source "ChessBase"]
[SourceQuality "1"]
[TimeControl "5400+30"]

{[%evp 14,57,-29,32767,-45,32767,32767,-32,32767,32767,32767,14,19,3,32767,32767,11,32767,53,32767,32767,32767,32767,32767,30,14,41,51,43,33,53,45,41,32767,75,66,82,90,62,23,268,268,275,32767,32767,437]} 1. c4 {[%emt 0:00:00]} e6 {[%emt 0:00:41]} 2. g3 {[%emt 0:00:00]} Nf6 {[%emt 0:02:06]} 3. Bg2 {[%emt 0:00:00]} d5 {[%emt 0:00:27]} 4. Nf3 {[%emt 0:00:01]} c5 {[%emt 0:02:30]} 5. O-O {[%emt 0:01:44]} Nc6 {[%emt 0:00:32]} 6. b3 {[%emt 0:02:58]} Be7 {[%emt 0:04:40]} 7. Bb2 {[%emt 0:00:56]} d4 {[%emt 0:00:42]} 8. e3 {[%emt 0:02:22]} e5 {[%emt 0:02:15]} 9. exd4 exd4 {[%emt 0:00:09]} 10. Re1 {[%emt 0:06:45] LiveBook: 8 Games A14: English Opening: 1...e6 with b3 by White} (10. d3 O-O 11. Na3 Bf5 12. Nc2 a5 13. Re1 Qd7 14. a3 Bd6 15. b4 axb4 16. axb4 Rxa1 17. Bxa1 b6 18. b5 Ne7 19. Ne5 Bxe5 20. Rxe5 {0-1 (48) Cruz,J (2459)-Kraemer,M (2546) Barcelona 2014}) 10... O-O {[%emt 0:02:31]} 11. Ne5 {[%emt 0:02:17]} Nb4 $146 {[%emt 0:01:45]} (11... Nxe5 12. Rxe5 Bd6 13. Re1 Bg4 14. Bf3 Qd7 15. Bxg4 Nxg4 16. Qf3 Ne5 17. Qe4 Rae8 {0-1 (28) Gomez Jurado,L (2303)-Lorenzo de la Riva,L (2421) Barcelona 2014}) 12. a3 {[%emt 0:01:37]} Na6 {[%emt 0:00:09]} 13. d3 {[%emt 0:06:40]} Rb8 {[%emt 0:04:26]} 14. Nd2 {[%emt 0:03:41]} Bd6 {[%emt 0:00:40]} 15. b4 {[%emt 0:04:31]} Bxe5 {[%emt 0:05:23]} 16. Rxe5 {[%emt 0:00:42]} b6 {[%emt 0:03:39]} 17. b5 {[%emt 0:03:13]} Nc7 {[%emt 0:00:19]} 18. h3 {[%emt 0:05:27]} Qd6 {[%emt 0:00:43]} 19. Re1 {[%emt 0:03:35]} Bf5 {[%emt 0:01:52]} 20. Nf3 {[%emt 0:05:09]} Rfe8 {[%emt 0:05:16]} 21. a4 {[%emt 0:02:18]} Rxe1+ {[%emt 0:02:46]} 22. Nxe1 {[%emt 0:00:13]} Re8 {[%emt 0:00:52]} 23. Bc1 {[%emt 0:05:32]} Ne6 {[%emt 0:06:10]} 24. a5 {[%emt 0:01:20]} g5 {[%emt 0:01:02]} 25. axb6 {[%emt 0:00:51]} axb6 {[%emt 0:00:11]} 26. Nf3 {[%emt 0:05:08]} g4 $2 {[%emt 0:01:22]} (26... h6 $11 {and Black has nothing to worry.}) 27. Nh4 {[%emt 0:00:13]} Qe5 {[%emt 0:02:38]} 28. Bc6 {[%emt 0:03:52]} Rb8 {[%emt 0:15:13]} 29. Ra2 $18 {[%emt 0:01:57]} ({Not} 29. Nxf5 Qxf5 30. h4 Kg7 $16) 29... gxh3 {[%emt 0:02:25]} 30. f4 {[%emt 0:02:14]} Bg4 {[%emt 0:11:12]} 31. fxe5 {[%emt 0:00:09]} Bxd1 {[%emt 0:01:41]} 32. exf6 {[%emt 0:00:09]} h6 {[%emt 0:01:45]} 33. Nf5 {[%emt 0:01:34]} Ng5 {[%emt 0:00:37]} 34. Nxh6+ {[%emt 0:00:14]} 1-0

[Event "FRA-ch Youth 2017"]
[Site "Belfort"]
[Date "2017.04.22"]
[Round "8"]
[White "Bergougnoux, Axel"]
[Black "Bournel, Antoine"]
[Result "1-0"]
[WhiteElo "2194"]
[BlackElo "1933"]
[Annotator "NA"]
[PlyCount "123"]
[EventDate "2017.??.??"]
[EventCountry "FRA"]
[SourceTitle "playchess.com"]
[Source "ChessBase"]
[SourceQuality "1"]
[TimeControl "5400+30"]

1. e4 {[%emt 0:00:00]} c5 {[%emt 0:00:06]} 2. Nf3 {[%emt 0:00:00]} Nc6 {[%emt 0:00:08]} 3. d4 {[%emt 0:00:25]} cxd4 {[%emt 0:00:06]} 4. Nxd4 {[%emt 0:00:01]} g6 {[%emt 0:00:09]} 5. Nc3 {[%emt 0:01:01]} Bg7 {[%emt 0:00:08]} 6. Nde2 {[%emt 0:02:13]} Nf6 {[%emt 0:02:45]} 7. g3 {[%emt 0:00:13]} b5 {[%emt 0:08:57]} 8. Bg2 {[%emt 0:01:52]} Rb8 {[%emt 0:09:08]} 9. O-O {[%emt 0:00:25] LiveBook: 74 Games} O-O {[%emt 0:01:32]} 10. h3 {[%emt 0:00:48]} d6 {[%emt 0:05:23]} 11. Re1 {[%emt 0:00:16] B70: Sicilian Dragon: 6 g3 and 6 Be2 (without a later Be3)} Nd7 {[%emt 0:05:55]} 12. Nd5 $146 {[%emt 0:13:28]} (12. Rb1 Nc5 13. b3 a5 14. Bb2 b4 15. Nd5 Bxb2 16. Rxb2 Bb7 17. c4 bxc3 18. Nexc3 {½-½ (41) Movsesian,S (2640)-Hansen,S (2520) Koszalin 1998}) 12... e6 {[%emt 0:06:31]} 13. Ne3 {[%emt 0:01:48]} Nb6 {[%emt 0:05:45]} 14. Rb1 {[%emt 0:01:41]} Qc7 {[%emt 0:01:24]} 15. b3 {[%emt 0:03:25]} a5 {[%emt 0:04:38]} 16. f4 {[%emt 0:08:44]} b4 17. f5 {[%emt 0:05:09]} exf5 {[%emt 0:12:44]} 18. exf5 {[%emt 0:00:24]} gxf5 {[%emt 0:03:07]} 19. Nf4 {[%emt 0:03:05]} Ne5 {[%emt 0:03:05]} (19... Be6 $11 {remains equal.}) 20. Bb2 {[%emt 0:03:06]} Be6 {[%emt 0:05:50]} 21. Qh5 {[%emt 0:11:59]} Ng6 {[%emt 0:05:01]} 22. Bxg7 {[%emt 0:08:42]} Kxg7 {[%emt 0:00:06]} 23. Qg5 {[%emt 0:03:42]} Qc3 {[%emt 0:06:52]} 24. Kh2 {[%emt 0:08:52]} h6 {[%emt 0:03:11]} 25. Nxf5+ {[%emt 0:02:41]} Bxf5 {[%emt 0:00:08]} 26. Nh5+ {[%emt 0:00:11]} Kh8 {[%emt 0:02:56]} 27. Qxf5 {[%emt 0:00:30]} Rbc8 {[%emt 0:01:14]} 28. Re3 {[%emt 0:09:20]} Rc5 {[%emt 0:00:40]} 29. Qf3 {[%emt 0:00:15]} Qd4 {[%emt 0:01:49]} 30. Rd1 {[%emt 0:00:26]} Qb2 {[%emt 0:00:58]} 31. Rxd6 {[%emt 0:05:35]} Rxc2 {[%emt 0:00:28]} 32. Red3 $2 {[%emt 0:04:52]} (32. Rxb6 $18 {and White stays clearly on top.} Rf2 33. Qe4) 32... Nc8 {[%emt 0:02:52]} 33. R6d4 {[%emt 0:00:25]} f5 {[%emt 0:00:59] [#]} 34. Rd8 $1 {[%emt 0:00:40]} ({Weaker is} 34. Qb7 Nce7 $16) 34... Nce7 {[%emt 0:00:26]} 35. Rxf8+ {[%emt 0:00:27]} Nxf8 {[%emt 0:00:05]} 36. Rd8 {[%emt 0:00:31]} Neg6 {[%emt 0:00:26]} 37. Qa8 {[%emt 0:00:33]} Re2 {[%emt 0:01:30]} 38. Rxf8+ {[%emt 0:00:35]} Nxf8 {[%emt 0:00:05]} 39. Qxf8+ {[%emt 0:00:01]} Kh7 {[%emt 0:00:09]} 40. Qf7+ {[%emt 0:00:32]} Kh8 {[%emt 0:00:04]} 41. Qf8+ {[%emt 0:00:08]} Kh7 {[%emt 0:00:06]} 42. Qxf5+ {[%emt 0:00:09]} Kh8 $18 {[%emt 0:00:18]} 43. Qf8+ {[%emt 0:01:12]} Kh7 {[%emt 0:00:04]} 44. Qf7+ {[%emt 0:00:07]} Kh8 {[%emt 0:00:03]} 45. Nf4 {[%emt 0:00:07]} Rxg2+ {[%emt 0:00:50]} 46. Nxg2 {[%emt 0:00:04]} Qxa2 {[%emt 0:00:21]} 47. Kg1 {[%emt 0:00:42]} Qd2 {[%emt 0:01:31]} 48. Nf4 {[%emt 0:02:04]} Qe1+ {[%emt 0:00:35]} 49. Kg2 {[%emt 0:00:00]} Qe4+ {[%emt 0:00:10]} 50. Kf2 {[%emt 0:00:07]} Qd4+ {[%emt 0:00:14]} 51. Kf3 {[%emt 0:00:15]} Qd1+ {[%emt 0:00:07]} 52. Ke4 {[%emt 0:00:27]} Qc2+ {[%emt 0:00:34]} 53. Ke5 {[%emt 0:00:22]} Qc3+ {[%emt 0:00:29]} 54. Kf5 {[%emt 0:00:11]} Qc2+ {[%emt 0:00:44]} 55. Kg4 {[%emt 0:00:29]} Qd1+ {[%emt 0:00:28]} 56. Kh4 {[%emt 0:00:08]} Qd8+ {[%emt 0:00:12]} 57. Kg4 {[%emt 0:00:15]} Qd1+ {[%emt 0:00:12]} 58. Kf5 {[%emt 0:00:10]} Qc2+ {[%emt 0:00:20]} 59. Kf6 {[%emt 0:00:19]} Qc3+ {[%emt 0:00:43]} 60. Kg6 {[%emt 0:01:18]} Qxg3+ {[%emt 0:02:04]} 61. Kxh6 {[%emt 0:00:07]} Qh4+ {[%emt 0:01:18]} 62. Nh5 {[%emt 0:00:08]} 1-0

[Event "FRA-ch Youth 2017"]
[Site "Belfort"]
[Date "2017.04.22"]
[Round "8"]
[White "Trouve, Guillaume"]
[Black "Gatineau, Yovann"]
[Result "0-1"]
[WhiteElo "2134"]
[BlackElo "2214"]
[Annotator "NA"]
[PlyCount "54"]
[EventDate "2017.??.??"]
[EventCountry "FRA"]
[SourceTitle "playchess.com"]
[Source "ChessBase"]
[SourceQuality "1"]
[TimeControl "5400+30"]

1. e4 {[%emt 0:00:00]} c5 {[%emt 0:02:28]} 2. Nf3 {[%emt 0:00:00]} e6 {[%emt 0:00:28]} 3. d4 {[%emt 0:00:00]} cxd4 {[%emt 0:00:04]} 4. Nxd4 {[%emt 0:00:00]} Nf6 {[%emt 0:00:03]} 5. Nc3 {[%emt 0:00:05]} Nc6 {[%emt 0:00:04]} 6. Ndb5 {[%emt 0:00:08]} Bb4 {[%emt 0:00:05]} 7. a3 {[%emt 0:03:27]} Bxc3+ {[%emt 0:01:03]} 8. Nxc3 {[%emt 0:00:07]} d5 {[%emt 0:00:03]} 9. exd5 {[%emt 0:04:07]} exd5 {[%emt 0:00:07]} 10. Bg5 {[%emt 0:03:34] LiveBook: 11 Games} (10. Bd3 $14) 10... d4 {[%emt 0:06:00]} 11. Qe2+ {[%emt 0:01:10]} Be6 {[%emt 0:00:56]} 12. O-O-O {[%emt 0:03:57]} Qa5 {[%emt 0:03:30]} 13. Bxf6 {[%emt 0:05:34]} gxf6 {[%emt 0:02:02]} 14. Ne4 {[%emt 0:00:56]} O-O-O {[%emt 0:00:06]} 15. Qb5 {[%emt 0:10:23]} Qc7 {[%emt 0:00:04]} 16. Kb1 {[%emt 0:03:41]} Rd5 {[%emt 0:07:42]} 17. Qd3 {[%emt 0:01:54]} Rhd8 {[%emt 0:07:36]} 18. Qg3 {[%emt 0:06:42]} Ne5 {[%emt 0:10:04]} 19. Nxf6 {[%emt 0:12:21]} Ra5 {[%emt 0:00:55]} 20. b4 $2 {[%emt 0:15:59]} (20. Be2 $16 {stays on course.}) 20... d3 {[%emt 0:06:45]} 21. Bxd3 $2 {[%emt 0:07:26]} (21. Rxd3 $17 Nxd3 22. Bxd3 Rxa3 23. Qxc7+ Kxc7 24. Kb2) 21... Rxa3 {[%emt 0:00:49]} 22. Ne4 {[%emt 0:01:43]} a5 {[%emt 0:10:17]} 23. Rhe1 {[%emt 0:08:30]} f6 {[%emt 0:07:30]} 24. Qe3 {[%emt 0:05:45]} Nxd3 {[%emt 0:07:43]} 25. Nc5 {[%emt 0:00:53]} Ba2+ {[%emt 0:02:11]} 26. Ka1 {[%emt 0:00:04]} Nxe1 {[%emt 0:01:25]} 27. Rxd8+ $19 {[%emt 0:03:44]} Qxd8 {[%emt 0:00:07]} 0-1